• 首页
  • 本馆介绍
  • 公告通知
  • 最新文献
  • 馆藏检索
  • 电子资源
  • 读者导购
  • 参考咨询
  • 我的图书馆
  • 登录
  • 详细信息显示
  • 放入我的书架
  • 预约/预借图书
  • 作者相关作品
  • 分类相关作品
  • 丛书相关作品
  • 出版社相关作品

书目信息

  • 表格格式
  • 工作单格式
  • 卡片格式
题名:
怀孕妊娠分娩知识宝典
    
 
作者: 王洪娟 主编
分册:  
出版信息: 呼和浩特   远方出版社  2010.11
页数: 268页
开本: 21cm
丛书名:
单 册:
中图分类: R714.3 , R714.3-62
科图分类:
主题词: 产科学
电子资源:
ISBN: 978-7-80723-517-0
000 00625nam0 2200205 450
001 1153865922
005 20110915085620.82
010    @a978-7-80723-517-0@dCNY28.00
100    @a20110914d2010 km y0chiy0120 ea
101 0  @achi
200 1  @a怀孕妊娠分娩知识宝典@Ahuai yun ren shen fen mian zhi shi bao dian@f王洪娟主编@Fwang hong juan zhu bian
210    @a呼和浩特@c远方出版社@d2010.11
215    @a268页@d21cm
300    @a时尚妈妈孕产育儿宝典第1辑
606 0  @a产科学
690    @aR714.3@v4
690    @aR714.3-62@v5
701  0 @a王洪娟@Awang hong juan@4主编
801  0 @aCN@bNISOFT@c20110915
905    @aBZT@dR714.3-62@e2
    
    怀孕妊娠分娩知识宝典/王洪娟主编.-呼和浩特:远方出版社,2010.11
    268页;21cm
    时尚妈妈孕产育儿宝典第1辑
    
    ISBN 978-7-80723-517-0:CNY28.00
    
●
相关链接 在五车中查询图书 在当当中查询图书 在豆瓣中查询图书


正题名:怀孕妊娠分娩知识宝典     索取号:R714.3-62/2         预约/预借

序号 登录号 条形码 馆藏地/架位号 状态 备注
1 794850   2000794850   样本书库/样003架B面1层2列/ [索取号:R714.3-62/2] 在馆    
山东省滨州职业学院图书馆 欢迎您!
大连网信软件有限公司© 版权所有